| 000 | 00702nam a2200241 a 4500 | ||
|---|---|---|---|
| 001 | 54128 | ||
| 003 | ) | ||
| 005 | 20211209080057.0 | ||
| 008 | 160211r1978 i a 000 0 eng d | ||
| 035 | _a(BD-RUjL)54250 | ||
| 040 |
_cBD-RUjL _dUKM _beng _aBD-RjUL |
||
| 041 | _aeng | ||
| 082 | 0 | 4 |
_223 _a677 _bHET 1978 |
| 100 | 1 |
_aHess, Katharine Paddock, _d1880- _9161614 |
|
| 245 | 0 | 0 |
_aTextile fibers and their use / _cKatharine Paddock Hess |
| 250 | _a6th ed. | ||
| 260 |
_aCalcutta : _bOxford & IBH, _cc1959 [Reprinted 1978] |
||
| 300 |
_axvii, 549 p. : _billus. ; _c22 cm. |
||
| 500 | _aIncludes indexs | ||
| 650 | 0 |
_aTextile industry. _9132804 |
|
| 650 | 0 |
_aTextile fibers. _9140380 |
|
| 942 |
_2ddc _cBK |
||
| 999 |
_c54128 _d54128 |
||